Χώρες με Περισσότερους από 100 Εκατομμύρια Κατοίκους - Statistics

General Stats
  • This quiz has been taken 33 times
  • The average score is 11 of 16
Answer Stats
Ημερομηνία Πληθυσμός Χώρα % Correct
Άγνωστη 1452 mil Ινδία
100%
Άγνωστη 1427 mil Κίνα
100%
1914 349 mil Ηνωμένες Πολιτείες
100%
1972 212 mil Βραζιλία
96%
1948 145 mil Ρωσία
96%
1965 284 mil Ινδονησία
77%
1967 124 mil Ιαπωνία
77%
2019 117 mil Αίγυπτος
77%
1988 251 mil Πακιστάν
73%
1999 131 mil Μεξικό
69%
2016 132 mil Αιθιοπία
54%
1992 233 mil Νιγηρία
50%
2021 109 mil Λαϊκή Δημοκρατία του Κονγκό
50%
2014 116 mil Φιλιππίνες
46%
1988 174 mil Μπανγκλαντές
38%
2023 101 mil Βιετνάμ
27%
No matching quizzes found
Score Distribution
Percent of People with Each Score
Percentile by Number Answered
Your Score History
You have not taken this quiz